Managing performance improvement / (Record no. 1812)

MARC details
000 -LEADER
fixed length control field 00659nam a2200205 ar4500
001 - CONTROL NUMBER
control field 1814
005 - DATE AND TIME OF LATEST TRANSACTION
control field 20221127090308.0
008 - FIXED-LENGTH DATA ELEMENTS--GENERAL INFORMATION
fixed length control field 100307s xxka 00110 eng d
020 ## - INTERNATIONAL STANDARD BOOK NUMBER
International Standard Book Number 041536681X(pbk) :
Terms of availability SR167.00
082 04 - DEWEY DECIMAL CLASSIFICATION NUMBER
Classification number 658.4013
Item number B335 2008
100 1# - MAIN ENTRY--PERSONAL NAME
Personal name Baxter, Lynne F.
245 10 - TITLE STATEMENT
Title Managing performance improvement /
Statement of responsibility, etc. Lynne Baxter, A. MacLeod.
260 ## - PUBLICATION, DISTRIBUTION, ETC.
Place of publication, distribution, etc. London ;
-- New York :
Name of publisher, distributor, etc. Routledge,
Date of publication, distribution, etc. 2008.
300 ## - PHYSICAL DESCRIPTION
Extent viii, 195 p. :
Other physical details ill. ;
Dimensions 23 cm.
504 ## - BIBLIOGRAPHY, ETC. NOTE
Bibliography, etc. note Includes bibl. references and index.
650 #4 - SUBJECT ADDED ENTRY--TOPICAL TERM
Topical term or geographic name entry element Total quality management.
650 #4 - SUBJECT ADDED ENTRY--TOPICAL TERM
Topical term or geographic name entry element Product management.
650 #4 - SUBJECT ADDED ENTRY--TOPICAL TERM
Topical term or geographic name entry element Quality control.
700 0# - ADDED ENTRY--PERSONAL NAME
Personal name MacLeod, Alasdair M.,
Relator term jt. auth.
Holdings
Withdrawn status Lost status Source of classification or shelving scheme Damaged status Not for loan Home library Current library Date acquired Total Checkouts Full call number Barcode Date last seen Copy number Price effective from Koha item type
              11/27/2022   658.4013 B335 2008 1000000006258 11/27/2022 C2 11/27/2022 Book
          CENTRAL CENTRAL 11/27/2022   658.4013 B335 2008 1000000005868 11/27/2022 C1 11/27/2022 Book